Loading...
| Philosophy | 0 | 7 | 0 | 4 | 70 | 84 | 110.86 | 0 | 1 | 5.05 | 18.18 |
| History - American | 0 | 7 | 1 | 1 | 65 | 58 | 84.43 | 0 | 2 | 20.90 | 37.50 |
| Social Science | 0 | 5 | 1 | 2 | 45 | 32 | 82.60 | 1 | 2 | 10.47 | 20.45 |
| History - World | 0 | 4 | 0 | 2 | 40 | 122 | 133.75 | 0 | 1 | 0.69 | 12.50 |
| Fine Arts - Classical Music | 0 | 4 | 0 | 1 | 40 | 113 | 126.25 | 0 | 0 | 0.28 | 5.68 |
| Science - Chemistry | 0 | 4 | 1 | 1 | 35 | 45 | 99.50 | 1 | 1 | 5.27 | 13.64 |
| Literature - American | 0 | 3 | 0 | 1 | 30 | 118 | 125.00 | 0 | 1 | 3.00 | 7.95 |
| Literature - European | 0 | 3 | 0 | 1 | 30 | 93 | 119.67 | 0 | 0 | 4.01 | 6.82 |
| Literature - British | 0 | 3 | 0 | 2 | 30 | 134 | 142.33 | 0 | 0 | 0.66 | 4.55 |
| History - Other | 0 | 3 | 1 | 1 | 25 | 89 | 106.00 | 0 | 1 | 3.20 | 7.95 |
| Science - Physics | 0 | 3 | 2 | 2 | 20 | 72 | 102.67 | 0 | 1 | 3.14 | 5.68 |
| Science - Biology | 0 | 2 | 1 | 0 | 15 | 66 | 90.50 | 0 | 0 | 3.83 | 5.68 |
| History - European | 0 | 2 | 1 | 1 | 15 | 131 | 131.00 | 0 | 0 | 0.14 | 3.41 |
| Literature - World | 0 | 1 | 0 | 0 | 10 | 121 | 121.00 | 0 | 0 | 1.12 | 3.41 |
| Fine Arts - Other | 0 | 1 | 0 | 0 | 10 | 130 | 130.00 | 0 | 0 | 0.00 | 2.27 |
| Current Events | 0 | 1 | 0 | 0 | 10 | 75 | 75.00 | 0 | 0 | 20.93 | 18.75 |
| Mythology | 0 | 1 | 0 | 0 | 10 | 118 | 118.00 | 0 | 0 | 0.78 | 1.14 |
| Popular Culture | 0 | 1 | 0 | 1 | 10 | 143 | 143.00 | 0 | 0 | 0.00 | 4.17 |
| Religion | 0 | 1 | 0 | 0 | 10 | 76 | 76.00 | 0 | 0 | 3.93 | 5.68 |
| Science - Other | 0 | 2 | 4 | 0 | 0 | 46 | 75.00 | 0 | 1 | 8.16 | 11.36 |
| Other Academic | 0 | 0 | 0 | 0 | 0 | 0.00 | 0 | 0 | 0.00 | 0.00 | |
| Fine Arts - Painting and Sculpture | 0 | 0 | 1 | 0 | -5 | 0.00 | 0 | 0 | 0.00 | 0.00 |